Padlí anjeli. Štvrtá časť, Vykúpenie /
Uložené v:
| Hlavný autor: | |
|---|---|
| Ďalší autori: | |
| Médium: | Kniha |
| Jazyk: | Slovak English |
| Vydané: |
Bratislava :
Ikar,
2012.
|
| Vydanie: | [1. vyd.] |
| Témy: | |
| ISBN: |
9788055131207 (viaz.) |
| Fyzický popis: |
295 s. ; 24 cm. |
| Tagy: |
Pridať tag
Žiadne tagy, Buďte prvý kto otaguje tento záznam!
|
Titul je dostupný aj v ... 

MARC
| LEADER | 00000cam a2200000 a 4500 | ||
|---|---|---|---|
| 001 | 000416021 | ||
| 005 | 20130717104737.0 | ||
| 008 | 121115s2012 xo e 000 f slo d | ||
| 020 | |a 9788055131207 (viaz.) | ||
| 040 | |a SVKKK |b slo |c SVKKK |e AACR2 | ||
| 041 | 1 | |a slo |h eng | |
| 044 | |a xo |c SK | ||
| 072 | 7 | |a 821.111(73)-3 |x Americká próza |2 konspekt | |
| 080 | |a 821.111(73)-31 |2 2001 | ||
| 080 | |a (0:82-312.4) |2 2001 | ||
| 080 | |a (0:82-312.5) |2 2001 | ||
| 100 | 1 | |a Kate, Lauren, |d 1981- | |
| 240 | 1 | 0 | |a Rapture. |l Slovensky |
| 245 | 1 | 0 | |a Padlí anjeli. |n Štvrtá časť, |p Vykúpenie / |c Lauren Kateová ; [z anglického originálu preložila Saskia Hudecová]. |
| 246 | 3 | 0 | |a Vykúpenie |
| 250 | |a [1. vyd.] | ||
| 260 | |a Bratislava : |b Ikar, |c 2012. | ||
| 300 | |a 295 s. ; |c 24 cm. | ||
| 500 | |a Preklad z angl. orig. | ||
| 500 | |a Názov dokumentu prevzatý z obalu a údaj o prekl. prevzatý z tiráže | ||
| 655 | 7 | |a americké romány |2 SVKKKPH | |
| 655 | 7 | |a ľúbostné romány |2 SVKKKPH | |
| 700 | 1 | |a Hudecová, Saskia |4 trl | |
| 765 | 0 | |t Rapture. Slovensky |a Kate, Lauren, 1981- | |
| 910 | |a svkkk | ||
| 919 | |a 978-80-551-3120-7 | ||
| 998 | |a BK | ||
| 090 | |g SCKHL |k Sklad Hlavná 10 prízemie |a IV.216879 |j 1043666 |i 2720266207 |s Povinný výt. | ||